Normal view
MARC view
Entry Personal Name
001 - CONTROL NUMBER
- control field: 162060
003 - CONTROL NUMBER IDENTIFIER
- control field: OSt
005 - DATE AND TIME OF LATEST TRANSACTION
- control field: 20220923212053.0
008 - FIXED-LENGTH DATA ELEMENTS
- fixed length control field: 220923|| aca||aabn | a|a d
040 ## - CATALOGING SOURCE
- Original cataloging agency: OSt
- Transcribing agency: OSt
100 ## - HEADING--PERSONAL NAME
- Personal name: भारत, अन्तरिक्ष विभग, बंगलौर
670 ## - SOURCE DATA FOUND
- Source citation: Work cat.: (OSt)306221: भारत, अन्तरिक्ष विभग, बंगलौर, भरतीय उपग्रह आर्यभट्ट, 1976
